000
00210 a2200097 4500
020
_a
9788497776844
041
_a
spa
100
_a
Pearl eric
245
_a
El mundo cuantico de la sanacion energia
942
_c
BK
999
_c
10953
_d
10953